[Event "Tula2"]
[Site "Tula"]
[Date "2001.??.??"]
[Round "2"]
[White "Kurilin, Alexander"]
[Black "Zakharov, Vladimir"]
[Result "1/2-1/2"]
[WhiteElo "2336"]
[BlackElo "2376"]
[PlyCount "42"]
[EventDate "2001.??.??"]
[EventType "tourn"]
[EventRounds "11"]
[EventCountry "RUS"]
[EventCategory "5"]
[SourceTitle "EXT 2002"]
[Source "ChessBase"]
[SourceDate "2001.11.25"]
[SourceVersion "1"]
[SourceVersionDate "2001.11.25"]
[SourceQuality "1"]

1. e4 c5 2. Nf3 e6 3. d4 cxd4 4. Nxd4 Nf6 5. Nc3 d6 6. Be2 Be7 7. 0-0 0-0 8. Be3 Nc6 9. f4 Bd7 10. Kh1 Nxd4 11. Bxd4 Bc6 12. Bd3 Nd7 13. Qe2 e5 14. fxe5 Nxe5 15. Bxe5 dxe5 16. Bc4 Qc7 17. Nd5 Bxd5 18. Bxd5 Rac8 19. c3 Bc5 20. Rad1 Kh8 21. Qb5 b6 1/2-1/2

[Event "Tula"]
[Site "Tula"]
[Date "2001.??.??"]
[Round "5"]
[White "Markosian, David S"]
[Black "Zakharov, Vladimir"]
[Result "1/2-1/2"]
[WhiteElo "2362"]
[BlackElo "2376"]
[PlyCount "22"]
[EventDate "2001.01.??"]
[EventType "tourn"]
[EventRounds "11"]
[EventCountry "RUS"]
[EventCategory "3"]
[SourceTitle "CBM 080 Extra"]
[Source "ChessBase"]
[SourceDate "2001.03.08"]
[SourceVersion "1"]
[SourceVersionDate "2001.03.08"]
[SourceQuality "1"]

1. d4 d5 2. Nc3 Nf6 3. Bg5 c6 4. Bxf6 exf6 5. e3 Bd6 6. Bd3 0-0 7. Nge2 Re8 8. 0-0 Bg4 9. Qd2 Nd7 10. h3 Bxe2 11. Nxe2 g6 1/2-1/2

[Event "Tula"]
[Site "Tula"]
[Date "2001.??.??"]
[Round "7"]
[White "Vasiliev, Vladimir P"]
[Black "Zakharov, Vladimir"]
[Result "1-0"]
[WhiteElo "2416"]
[BlackElo "2376"]
[PlyCount "121"]
[EventDate "2001.01.??"]
[EventType "tourn"]
[EventRounds "11"]
[EventCountry "RUS"]
[EventCategory "3"]
[SourceTitle "CBM 080 Extra"]
[Source "ChessBase"]
[SourceDate "2001.03.08"]
[SourceVersion "1"]
[SourceVersionDate "2001.03.08"]
[SourceQuality "1"]

1. Nf3 d5 2. g3 Nf6 3. Bg2 c6 4. 0-0 Bg4 5. c4 e6 6. d3 Nbd7 7. cxd5 cxd5 8. h3 Bh5 9. Nc3 Be7 10. e4 dxe4 11. dxe4 e5 12. Qb3 Qb6 13. Qxb6 axb6 14. Rd1 Bg6 15. g4 Rd8 16. Nh4 Nc5 17. Rxd8+ Bxd8 18. Nf5 0-0 19. Be3 h5 20. b4 Ne6 21. gxh5 Nxh5 22. Nd5 Nhf4 23. Rd1 Nxg2 24. Kxg2 b5 25. Nd6 Bg5 26. Bxg5 Nxg5 27. f3 Nxf3 28. Ne7+ Kh7 29. Nxg6 fxg6 30. Nxb5 Ng5 31. Nd6 Ra8 32. Rd2 Ra3 33. b5 Nf3 34. Rb2 Ne1+ 35. Kh2 Nd3 36. Rd2 Nc5 37. Rc2 Rd3 38. Rxc5 Rxd6 39. Rxe5 Rd2+ 40. Kg3 Rxa2 41. Re7 Ra3+ 42. Kg4 Re3 43. b6 Kh6 44. h4 Re1 45. Kf3 Kh5 46. Rxg7 Rf1+ 47. Kg3 Rg1+ 48. Kf4 Rf1+ 49. Ke5 Rb1 50. Rxb7 Kxh4 51. Kf6 g5 52. e5 g4 53. Rh7+ Kg3 54. b7 Kf4 55. e6 Rb6 56. Rf7 g3 57. Kg7+ Kg5 58. e7 g2 59. Kf8 Rg6 60. b8Q g1Q 61. Qf4+ 1-0

[Event "Tula"]
[Site "Tula"]
[Date "2001.??.??"]
[Round "11"]
[White "Zakharov, Vladimir"]
[Black "Dvalishvili, Pavel S"]
[Result "1/2-1/2"]
[WhiteElo "2376"]
[BlackElo "2398"]
[PlyCount "51"]
[EventDate "2001.01.??"]
[EventType "tourn"]
[EventRounds "11"]
[EventCountry "RUS"]
[EventCategory "3"]
[SourceTitle "CBM 080 Extra"]
[Source "ChessBase"]
[SourceDate "2001.03.08"]
[SourceVersion "1"]
[SourceVersionDate "2001.03.08"]
[SourceQuality "1"]

1. e4 c5 2. Nf3 d6 3. d4 cxd4 4. Nxd4 Nf6 5. Nc3 a6 6. Be2 e5 7. Nb3 Be7 8. 0-0 0-0 9. Kh1 Nbd7 10. a4 b6 11. f3 Bb7 12. Be3 Qc7 13. Rf2 Rfd8 14. Bf1 Nc5 15. Rd2 Ne6 16. Nc1 Nf4 17. Bxf4 exf4 18. Nd3 d5 19. exd5 Nxd5 20. Nxd5 Rxd5 21. Nxf4 Rxd2 22. Qxd2 Bg5 23. Ne6 Qxh2+ 24. Kxh2 Bxd2 25. Rd1 Be3 26. Rd8+ 1/2-1/2

[Event "Tula2"]
[Site "Tula"]
[Date "2001.??.??"]
[Round "10"]
[White "Zakharov, Vladimir"]
[Black "Gusev, Aleksey"]
[Result "1-0"]
[WhiteElo "2376"]
[BlackElo "2383"]
[PlyCount "87"]
[EventDate "2001.??.??"]
[EventType "tourn"]
[EventRounds "11"]
[EventCountry "RUS"]
[EventCategory "5"]
[SourceTitle "EXT 2002"]
[Source "ChessBase"]
[SourceDate "2001.11.25"]
[SourceVersion "1"]
[SourceVersionDate "2001.11.25"]
[SourceQuality "1"]

1. e4 c5 2. d4 cxd4 3. c3 dxc3 4. Nxc3 Nc6 5. Nf3 a6 6. Bc4 e6 7. 0-0 Nge7 8. Bg5 f6 9. Be3 b5 10. Bb3 Ng6 11. Nd5 exd5 12. exd5 Nce5 13. d6 Bb7 14. Nxe5 fxe5 15. f4 exf4 16. Re1 fxe3 17. Rxe3+ Be7 18. Qd4 Qb8 19. dxe7 Qa7 20. Bf7+ Kxf7 21. e8Q+ Rhxe8 22. Rf1+ Kg8 23. Qxa7 Rxe3 24. Qxe3 Bd5 25. Rd1 Be6 26. b3 Ne7 27. Rd6 h6 28. Qb6 Kf7 29. Qb7 Rc8 30. Qxa6 Rc1+ 31. Kf2 Rc2+ 32. Kf3 Bd5+ 33. Rxd5 Nxd5 34. Qxb5 Rc3+ 35. Ke2 Nf6 36. Kd1 Ke6 37. a4 Ne4 38. Qb6+ d6 39. a5 Rd3+ 40. Ke2 Nc5 41. Qxc5 dxc5 42. Kxd3 Kd5 43. a6 Kc6 44. Kc4 1-0

[Event "Tula"]
[Site "Tula"]
[Date "2001.??.??"]
[Round "2"]
[White "Zakharov, Vladimir"]
[Black "Novikov, Maxim"]
[Result "0-1"]
[WhiteElo "2376"]
[BlackElo "2377"]
[PlyCount "102"]
[EventDate "2001.01.??"]
[EventType "tourn"]
[EventRounds "11"]
[EventCountry "RUS"]
[EventCategory "3"]
[SourceTitle "CBM 080 Extra"]
[Source "ChessBase"]
[SourceDate "2001.03.08"]
[SourceVersion "1"]
[SourceVersionDate "2001.03.08"]
[SourceQuality "1"]

1. e4 e5 2. Nf3 Nc6 3. d4 exd4 4. Nxd4 Bc5 5. Nxc6 Qf6 6. Qd2 Qxc6 7. Bd3 Ne7 8. 0-0 0-0 9. Qg5 d5 10. Nc3 d4 11. Ne2 f6 12. Qg3 Be6 13. Kh1 f5 14. e5 Nd5 15. Bd2 Qb6 16. a3 a5 17. b3 Rf7 18. Nf4 Nxf4 19. Qxf4 Bd5 20. h4 Qe6 21. b4 Ba7 22. Rfe1 a4 23. f3 Rd8 24. g3 c6 25. Kg2 b6 26. Rac1 c5 27. c4 dxc3 28. Rxc3 Bb3 29. Bc1 Rd4 30. Qe3 f4 31. gxf4 Rfxf4 32. Qxf4 Rxf4 33. Bxf4 c4 34. Be4 b5 35. Re2 Bd4 36. Rd2 Qb6 37. e6 Bxc3 38. Rd6 Qb8 39. Rd7 Qe8 40. Bd5 Bf6 41. e7+ Kh8 42. Rd8 Qxd8 43. exd8Q+ Bxd8 44. Bc6 Bxh4 45. Bd2 Bf6 46. Bc1 Ba1 47. Bxb5 c3 48. Bd3 Bb2 49. Bxb2 cxb2 50. Bb1 g5 51. Be4 Bd5 0-1

[Event "Tula-B"]
[Site "Tula"]
[Date "2000.??.??"]
[Round "11"]
[White "Sidorov, Anatoly"]
[Black "Zakharov, Vladimir"]
[Result "1-0"]
[WhiteElo "2339"]
[BlackElo "2369"]
[PlyCount "37"]
[EventDate "2000.??.??"]
[EventType "tourn"]
[EventRounds "11"]
[EventCountry "RUS"]
[EventCategory "3"]
[SourceTitle "CBM 079 Extra"]
[Source "ChessBase"]
[SourceDate "2001.01.11"]
[SourceVersion "2"]
[SourceVersionDate "2001.01.25"]
[SourceQuality "1"]

1. d4 Nf6 2. Nc3 g6 3. e4 d6 4. Bg5 Bg7 5. f3 c6 6. Qd2 b5 7. Bh6 Bxh6 8. Qxh6 Qa5 9. Nge2 Nbd7 10. h4 Bb7 11. Qd2 0-0 12. Qg5 e5 13. dxe5 dxe5 14. h5 b4 15. Nd1 Kg7 16. Ne3 Qc5 17. 0-0-0 h6 18. Nf5+ Kg8 19. Nxh6+ 1-0

[Event "Tula Club-ch op"]
[Site "Tula"]
[Date "2000.??.??"]
[Round "3"]
[White "Zakharov, Vladimir"]
[Black "Vul, Arkadi Eremeevich"]
[Result "1/2-1/2"]
[WhiteElo "2368"]
[BlackElo "2464"]
[PlyCount "21"]
[EventDate "2000.??.??"]
[EventType "swiss"]
[EventRounds "9"]
[EventCountry "RUS"]
[SourceTitle "EXT 2002"]
[Source "ChessBase"]
[SourceDate "2001.11.25"]
[SourceVersion "1"]
[SourceVersionDate "2001.11.25"]
[SourceQuality "1"]

1. e4 e5 2. Nf3 Nc6 3. d4 exd4 4. Nxd4 Qf6 5. Nxc6 Bc5 6. Qd2 bxc6 7. Bc4 Ne7 8. 0-0 0-0 9. Qf4 Qxf4 10. Bxf4 d6 11. Nd2 1/2-1/2

[Event "UKR ol"]
[Site "Alushta"]
[Date "1999.??.??"]
[Round "?"]
[White "Zakharov, Vladimir"]
[Black "Bodnar, Nikolay"]
[Result "1-0"]
[WhiteElo "2376"]
[BlackElo "2345"]
[PlyCount "159"]
[EventDate "1999.05.12"]
[EventType "team-tourn"]
[EventRounds "11"]
[EventCountry "UKR"]
[SourceTitle "EXT 2001"]
[Source "ChessBase"]
[SourceDate "2000.11.22"]
[SourceVersion "1"]
[SourceVersionDate "2000.11.22"]
[SourceQuality "1"]

1. e4 c6 2. d4 d5 3. exd5 cxd5 4. c4 Nf6 5. Nc3 Nc6 6. Bg5 Qa5 7. Bxf6 exf6 8. a3 dxc4 9. Bxc4 Be7 10. b4 Qf5 11. b5 Na5 12. Bd3 Qg4 13. Be2 Qxg2 14. Bf3 Qg5 15. Qa4 Bd8 16. Ne4 Qf4 17. b6+ Nc6 18. d5 Bd7 19. dxc6 Bxc6 20. Qd4 0-0 21. Qd6 Qf5 22. Ng3 Re8+ 23. Kf1 Qb5+ 24. Kg2 axb6 25. Bxc6 bxc6 26. Nf3 Re6 27. Qb4 Be7 28. Qxb5 cxb5 29. Nd4 Re5 30. Nc6 Re6 31. Nxe7+ Rxe7 32. Rhb1 Ra5 33. Rb3 Rea7 34. Rd1 g6 35. Rd6 f5 36. Rxb6 Rxa3 37. R3xb5 Kg7 38. Rb7 Rxb7 39. Rxb7 h5 40. Ne2 Ra4 41. f4 Ra2 42. Kf2 Ra4 43. Rc7 Kf6 44. Kg3 Ra3+ 45. Rc3 Ra7 46. Nd4 Kg7 47. Nf3 f6 48. Nd4 Ra6 49. Rc7+ Kh6 50. h4 Ra3+ 51. Nf3 Rb3 52. Rf7 Ra3 53. Kg2 Ra2+ 54. Kg3 Ra3 55. Rxf6 Kg7 56. Rd6 Rb3 57. Kf2 Rb2+ 58. Ke3 Rb4 59. Ne5 Rb3+ 60. Rd3 Rb1 61. Rd7+ Kh6 62. Nf7+ Kg7 63. Ng5+ Kg8 64. Rc7 Rh1 65. Kd4 Re1 66. Kd5 Re2 67. Kd6 Kf8 68. Rc8+ Kg7 69. Ne6+ Kh7 70. Ke7 Ra2 71. Kf6 Ra6 72. Kf7 Ra7+ 73. Rc7 Ra6 74. Ng5+ Kh6 75. Rc8 Ra7+ 76. Kf6 Ra6+ 77. Ne6 Kh7 78. Re8 Rb6 79. Kg5 Ra6 80. Re7+ 1-0

[Event "UKR ol"]
[Site "Alushta"]
[Date "1999.??.??"]
[Round "?"]
[White "Zakharov, Vladimir"]
[Black "Zubarev, Alexander2"]
[Result "1/2-1/2"]
[WhiteElo "2376"]
[BlackElo "2478"]
[PlyCount "29"]
[EventDate "1999.05.12"]
[EventType "team-tourn"]
[EventRounds "11"]
[EventCountry "UKR"]
[SourceTitle "EXT 2001"]
[Source "ChessBase"]
[SourceDate "2000.11.22"]
[SourceVersion "1"]
[SourceVersionDate "2000.11.22"]
[SourceQuality "1"]

1. e4 c5 2. Nf3 d6 3. d4 cxd4 4. Nxd4 Nf6 5. Nc3 Nc6 6. Bg5 e6 7. Qd2 a6 8. 0-0-0 Bd7 9. f3 Be7 10. g4 b5 11. h4 Qa5 12. Nxc6 Bxc6 13. Kb1 Rc8 14. Bd3 h5 15. gxh5 1/2-1/2

[Event "UKR-ch U20"]
[Site "Kharkov"]
[Date "1998.??.??"]
[Round "?"]
[White "Belichev, Nikolai"]
[Black "Zakharov, Vladimir"]
[Result "1-0"]
[WhiteElo "2370"]
[BlackElo "2410"]
[PlyCount "79"]
[EventDate "1998.??.??"]
[EventType "tourn"]
[EventRounds "11"]
[EventCountry "UKR"]
[EventCategory "2"]
[SourceTitle "EXT 2002"]
[Source "ChessBase"]
[SourceDate "2001.11.25"]
[SourceVersion "1"]
[SourceVersionDate "2001.11.25"]
[SourceQuality "1"]

1. d4 f5 2. g3 Nf6 3. Bg2 g6 4. Nd2 Bg7 5. e4 fxe4 6. Nxe4 Nxe4 7. Bxe4 d5 8. Bg2 Nc6 9. c3 e5 10. dxe5 Nxe5 11. Qxd5 Qxd5 12. Bxd5 Nd3+ 13. Ke2 Nxc1+ 14. Rxc1 c6 15. Bb3 Bg4+ 16. f3 Bf5 17. Rd1 Rd8 18. Rxd8+ Kxd8 19. Kf2 Re8 20. Ne2 Bh6 21. f4 Bg4 22. Nd4 Bg7 23. Re1 Rxe1 24. Kxe1 Kd7 25. Bg8 h6 26. Bh7 Be6 27. Nxe6 Kxe6 28. Bxg6 Bf8 29. Ke2 Bc5 30. Kf3 Bg1 31. h4 Kf6 32. Be8 Ke7 33. Bh5 Kf6 34. g4 Bh2 35. g5+ hxg5 36. hxg5+ Ke6 37. Ke4 Bg3 38. f5+ Kd6 39. f6 Ke6 40. Bg4+ 1-0

[Event "UKR-ch U20"]
[Site "Kharkov"]
[Date "1998.??.??"]
[Round "?"]
[White "Zakharov, Vladimir"]
[Black "Moiseenko, Alexander"]
[Result "1-0"]
[WhiteElo "2410"]
[BlackElo "2435"]
[PlyCount "81"]
[EventDate "1998.??.??"]
[EventType "tourn"]
[EventRounds "11"]
[EventCountry "UKR"]
[EventCategory "2"]
[SourceTitle "EXT 2002"]
[Source "ChessBase"]
[SourceDate "2001.11.25"]
[SourceVersion "1"]
[SourceVersionDate "2001.11.25"]
[SourceQuality "1"]

1. e4 c5 2. Nf3 Nc6 3. Nc3 Nd4 4. Bc4 e6 5. 0-0 Ne7 6. Nxd4 cxd4 7. Ne2 Nc6 8. f4 d5 9. exd5 exd5 10. Bd3 Bc5 11. Ng3 0-0 12. a3 a5 13. b3 b6 14. Bb2 Ba6 15. Bxa6 Rxa6 16. Kh1 Ra7 17. Qg4 Qd6 18. Rae1 Qg6 19. Qd1 f5 20. Qa1 Qf6 21. Ne2 Re8 22. Ng1 Re4 23. d3 Rxe1 24. Rxe1 Qd6 25. g3 Re7 26. Nf3 Kf8 27. Rxe7 Qxe7 28. Qe1 Qd6 29. Ng5 h6 30. Nf3 Bxa3 31. Bxd4 Bc5 32. Be5 Qd7 33. Qc3 d4 34. Qc4 g5 35. fxg5 hxg5 36. Bf6 Ne7 37. Kg1 Qc6 38. Ne5 Qe8 39. Qe6 Qh5 40. Bxe7+ Bxe7 41. Nd7+ 1-0